000 00755nam a2200253Ia 4500
003 OSt
005 20220918173113.0
006 a|||||r|||| 00| 0
007 ta
008 220917b |||||||| |||| 00| 0 eng d
024 _a5,001
037 _cTextual
040 _aARTS
_cARTS
_beng
041 _2eng
_aeng
082 _a20bM1495, L31 (2)
110 _aNational Reprographic Centre For Documentation
_944905
245 0 _aEvaluation of the compact portable microfiche reader LP 52
260 _aHatfield
_bNRCD
_c1973
300 _aiii,15p
_ccm.
650 _aLIBRARY SCIENCE
700 _aNational Reprographic Centre For Documentation
_944906
942 _h20bM1495, L31 (2)
_cTEXL
_2CC
999 _c147187
_d147187